000 00690nam a22002057a 4500
005 20160920143728.0
010 _aENG-116014
020 _a9789352603275
_c350.00
020 _a9352603273
_c350.00
035 _aEN-99546
037 _bDBAD/PUB
082 _a621.8
100 _aGateforum
245 _aGATE test series and previous year solved papers machanical engineering /
_cby Gateforum
260 _aNoida
_bMcGraw Hill Education
_c2017
270 _aB-4, Sector-63, Dist. Gautam Budh Nagar
_bNoida
_e201301
300 _aVarious pagings :
_c24 cm (pbk)
_bill
490 _aA division of thinkcell GATEORUM engineering success
942 _2ddc
_cEN
_h621.8
_mGAT
999 _c103453
_d103453